| 000 | 01008nam a2200277 a 4500 | ||
|---|---|---|---|
| 003 | MX-MxUPN | ||
| 005 | 20241001063841.0 | ||
| 008 | 991125s1918 sp fr 000 0 spa d | ||
| 035 | _aUPN01000005117 | ||
| 040 |
_aMX-MxUPN _bspa _cMX-MxUPN |
||
| 041 | 0 |
_aspa _hfre |
|
| 050 | 1 | 4 |
_aHM271 _bK528 |
| 100 | 1 |
_aKieffer, F. _q(François), _d1864-1940 _952989 |
|
| 245 | 1 | 3 | _aLa autoridad en la familia y en la escuela |
| 260 |
_aMadrid : _bNueva Librería Católica, _c1918. |
||
| 300 | _a487 páginas | ||
| 490 | 0 |
_aNueva biblioteca pedagógica ; _v1 |
|
| 650 | 4 |
_aAutoridad _94102 |
|
| 650 | 4 |
_aNiño, Estudio del _9221 |
|
| 700 | 1 |
_953479 _aReca, Lorenzo _etraducción |
|
| 710 | 1 |
_aMéxico. _bSecretaría de Educación Pública. _bBiblioteca Pública _951349 _epropietario anterior |
|
| 710 | 2 |
_aInstituto Nacional de Pedagogía (México) _epropietario anterior _928088 |
|
| 710 | 2 |
_aMuseo Pedagógico Nacional (México) _951335 _epropietario anterior |
|
| 902 | _bMaríaRobles/080924 | ||
| 942 |
_2lcc _cLIBRO _n0 |
||
| 999 |
_c5117 _d5117 |
||